000 01290aaa a2200277 a 4500
003 BLK
005 20240412113041.0
007 ta
008 221104b bu |||||r|||| 00| | bu d
040 _aBLK
041 _aBUL
_cBUL
080 _aБългарска литература
_b821.163.2
_x(092)
_z821.163.2(092)
080 _aРусенски поет, изследовател на живота и делото на Захари Стоянов
_b929 Палежев, Йордан Йорданов
_z929 Палежев, Йордан Йорданов
100 _9310650
_aГанчев, Атанас
245 _aПротивоборството , наречено живот
_cАтанас Ганчев
300 _a№ 5, 24 май 1990
520 _aЗа книгата на Йордан Палежев "Отговора знае само вятърът"
600 1 4 _9105744
_aПалежев, Йордан Йорданов
653 _9188047
_aЙордан Палежев
653 _9193981
_aпоети
653 _9195878
_aрусенци
773 0 _tСВЕТЛОСТРУЙ
_w292559
_xC612-5190
_dв. Дунавска правда 1981
_i. //
856 _i0.00
_ldisable
942 _2udc
_cSTA
_n0
944 _cВася Ганчева
_k30549
_lВася Ганчева
_a30549
999 _c508728
_d508728